• 首页
  • 本馆介绍
  • 公告通知
  • 最新文献
  • 馆藏检索
  • 电子资源
  • 读者导购
  • 参考咨询
  • 我的图书馆
  • 登录
  • 详细信息显示
  • 放入我的书架
  • 预约/预借图书
  • 作者相关作品
  • 分类相关作品
  • 丛书相关作品
  • 出版社相关作品

书目信息

  • 表格格式
  • 工作单格式
  • 卡片格式
题名:
丁玲写作生涯
    
 
作者: 丁玲 著
分册:  
出版信息: 天津   百花文艺出版社  1984
页数: 382页
开本: 21cm
丛书名: 作家生活与创作自述
单 册:
中图分类: I267 , I04
科图分类:
主题词: 散文--中国--现代--选集 , 文学创作--写作学 , 文学创作--创作方法
电子资源:
ISBN:
000 00745nam2 2200277 45
001 1536784276
005 20150128082250.70
010    @dCNY1.70
091    @aCN@b10151.738
100    @a19950309d1984 em y0chiy0121 ea
101 0  @achi
102    @aCN@b120000
105    @af z 000cy
200 10 @a丁玲写作生涯@Ading ling xie zuo sheng ya@f丁玲著
210    @a天津@c百花文艺出版社@d1984
215    @a382页@c肖像及手迹@d21cm
225 2  @a作家生活与创作自述
410  0 @120010@a作家生活与创作自述
606    @a散文@y中国@z现代@x选集
606 0  @a文学创作@x写作学
606 0  @a文学创作@x创作方法
690    @aI267@v3
690    @aI04@v4
701  0 @a丁玲@Ading ling@4著
801  0 @aCN@bTSSF@c20150128
905    @aZUCC@dI04@eJY32
    
    丁玲写作生涯/丁玲著.-天津:百花文艺出版社,1984
    382页:肖像及手迹;21cm.-(作家生活与创作自述)
    
    
    ISBN :CNY1.70
    
●
相关链接 在E读中查询图书 在五车中查询图书 在当当中查询图书 在豆瓣中查询图书


正题名:丁玲写作生涯     索取号:I04/JY32         预约/预借

序号 登录号 条形码 馆藏地/架位号 状态 备注
1 7855782   278557820   学院路分馆/ [索取号:I04/JY32] 在馆    
唐山师范学院图书馆 欢迎您!
大连网信软件有限公司© 版权所有